000 00464nam a2200193Ia 4500
005 20240823043550.0
008 240823s9999||||xx |||||||||||||| ||und||
020 _a978-0-07-070113-7
041 _aENGLISH
082 _A005.1 Q2
100 _aPressman.Roger S
245 0 _aSoftware Engineering
250 _a6th
260 _c2012
_b"MGH,New York"
500 _aTRANSFERED
650 _aSoftware
_bInformation Technology
942 _cBK
999 _c210524
_d210524